Religious and Non-Religious Narratives on Migration : Interdisciplinary Perspectives /
This volume analyzes religious and non-religious narratives on migration from an international and interdisciplinary perspective. Narratives shape the perception of migration. The recourse to religion as well as the self-understanding of religious people and religious communities play an important r...
Other Authors:
Format: eBook
Language: English
Published:
Paderborn :
Ferdinand Schöningh, Brill Deutschland,
2025.
Series:
Religion and Transformation in Contemporary European Society ;
38.
Schöningh, Fink and mentis Religious Studies, Theology and Philosophy E-Books Online, Collection 2026.
Subjects:
Online Access: Login to view Source
Tags: Add Tag
Call Number: BT77
| LEADER | 03052nam a22005058i 4500 | ||
|---|---|---|---|
| 001 | BRILL9783657797950 | ||
| 003 | nllekb | ||
| 005 | 20250915080727.0 | ||
| 006 | m d | ||
| 007 | cr un uuuua | ||
| 008 | 250731s2025 gw sb 001 0 eng d | ||
| 020 | |a 9783657797950 |q (electronic book) | ||
| 020 | |z 9783506797957 |q (print) | ||
| 024 | 7 | |a 10.30965/9783657797950 |2 DOI | |
| 035 | |z (OCoLC)1518689815 | ||
| 040 | |a NL-LeKB |c NL-LeKB |e rda | ||
| 041 | |a eng | ||
| 050 | 4 | |a BT77 | |
| 072 | 7 | |a HRAM2 |2 bicssc | |
| 072 | 7 | |a PHI |x 019000 |2 bisacsh | |
| 072 | 7 | |a PHI |x 022000 |2 bisacsh | |
| 072 | 7 | |a REL |x 084000 |2 bisacsh | |
| 082 | 0 | 4 | |a 230 |2 23 |
| 245 | 0 | 0 | |a Religious and Non-Religious Narratives on Migration : |b Interdisciplinary Perspectives / |c edited by Regina Polak. |
| 246 | 3 | |a Interdisciplinary Perspectives | |
| 264 | 1 | |a Paderborn : |b Ferdinand Schöningh, Brill Deutschland, |c 2025. | |
| 264 | 4 | |c ©2025 | |
| 300 | |a 1 online resource (268 pages) : |b illustrations. | ||
| 336 | |a text |b txt |2 rdacontent | ||
| 337 | |a computer |b c |2 rdamedia | ||
| 338 | |a online resource |2 rdacarrier | ||
| 490 | 1 | |a Religion and Transformation in Contemporary European Society ; |v 38 | |
| 490 | 1 | |a Schöningh, Fink and mentis Religious Studies, Theology and Philosophy E-Books Online, Collection 2026 | |
| 504 | |a Includes bibliographical references and index. | ||
| 520 | |a This volume analyzes religious and non-religious narratives on migration from an international and interdisciplinary perspective. Narratives shape the perception of migration. The recourse to religion as well as the self-understanding of religious people and religious communities play an important role in this context. As part of the COST Action 2017 "Connecting Theory and Practical Issues of Migration and Religious Diversity", international researchers from various disciplines - theology, social sciences, philosophy - are exploring contemporary perspectives on migration based on subject-specific understandings of the concept of "narrative" and are also discussing the role and contributions of religion. Particular attention is paid to the original voices of migrants. For this purpose, the innovative method of so-called "narrative cafés" was developed. The volume thus offers numerous insights for critical reflection on migration narratives in academic and socio-political practice. | ||
| 546 | |a English | ||
| 588 | |a Description based on print version record. | ||
| 650 | 0 | |a Theology and World Christianity. | |
| 700 | 1 | |a Polak, Regina, |e editor. | |
| 776 | 0 | 8 | |i Print version: |t Religious and Non-Religious Narratives on Migration : Interdisciplinary Perspectives. |d Paderborn : Ferdinand Schöningh, Brill Deutschland, 2025. |z 9783506797957 |
| 830 | 0 | |a Religion and Transformation in Contemporary European Society ; |v 38. | |
| 830 | 0 | |a Schöningh, Fink and mentis Religious Studies, Theology and Philosophy E-Books Online, Collection 2026. | |
| 856 | 4 | |z DOI: |u http://dx.doi.org/10.30965/9783657797950 | |
| 942 | |2 lcc |c EBOOK | ||
| 999 | |c 61236 |d 61236 | ||
